00426nam a2200157Ia 4500008004100000020001800041082001500059100001700074245004700091250000800138260005000146300002300196500001900219600001500238650001500253240925s9999 xx 000 0 und d a9789332535572 a658.83 WIL aWilson, Alan 0aMarketing Research: an integrated approach a3rd aUttar Pradesh:bPearson Education Incc,2012. a132p.b0fOriginal aIncludes Index aManagement aManagement